|
|
|
|
| LEADER |
00000nam a2200000 a 4500 |
| 001 |
vtls001098832 |
| 003 |
SK-MaSNL |
| 005 |
20260301062457.0 |
| 008 |
250414s1982 xo 0 slo |
| 015 |
|
|
|a SNBA1982/08
|
| 035 |
|
|
|a SNK000041674
|
| 040 |
|
|
|a SNK
|b slo
|c SNK
|e AACR2
|
| 041 |
0 |
|
|a slo
|
| 044 |
|
|
|a xo
|c SK
|
| 080 |
|
|
|a 621.83(075.8)(076.5)
|2 1981
|
| 100 |
1 |
|
|a Labuza, Sergej,
|d 1927-2010
|4 aut
|9 208923
|
| 245 |
1 |
0 |
|a Časti strojov 2
|b Pracovné listy k prednáškam
|c Sergej Labuza, Ladislav Beleš
|
| 250 |
|
|
|a 2. vyd. 1. dotl.
|
| 260 |
|
|
|a Bratislava
|b Slovenská vysoká škola technická
|c 1982
|e Bratislava
|f Edičné stredisko SVŠT
|
| 300 |
|
|
|a 179 s., 18,982 AH
|b Sch.
|c 29 cm
|
| 366 |
|
|
|e 700 výtl.
|
| 500 |
|
|
|a Voľné listy v prebale. Schválil Rektorát SVŠT v Bratislave ako skriptum. Rozmn.
|
| 700 |
1 |
|
|a Beleš, Ladislav,
|d 1935-
|4 aut
|9 39454
|
| 852 |
|
|
|a Slovenská národná knižnica
|
| 954 |
|
|
|a časti strojov
|a prevody
|
| 958 |
|
|
|a OND
|
| 999 |
|
|
|c 620795
|d 622725
|
| 952 |
|
|
|t P60, <04>, [BOOK], {604}
|a SNK
|b SNK
|y VYP
|7 0
|p 17A0169780
|o snkSB 34005/2 D1
|0 0
|1 0
|4 0
|d 1998-11-16
|l 0
|r 2004-12-31 00:00:00
|w 2026-02-23
|
| 952 |
|
|
|a SNK
|b SNK
|y PREZ
|7 0
|p 17A0982303
|o snkSB 34005/2
|0 0
|1 0
|4 0
|d 2012-07-17
|f 1
|l 0
|r 2025-04-09 00:00:00
|w 2026-02-23
|